00541nam a2200193Ia 45000010006000000050017000060070003000230080041000260400025000670410008000920820018001001000021001182450085001392500014002242600052002383000027002906530014003176530016003313514920240114001802.0ta070313s1904 a g b000 u 465 u aCotton College,Assam a465 a926bB 881 Li aAmory , Thomas . 0aThe Life and Opinions of John Buncle Esquire /cThomas Amory.hTextual Documents a1st ed. / aLondon :bGeorge Routledge & Sons, Ltd ,c1904. a457p. :bill ;c22cm . aBiography aG-Biography